| 000 | 00794nam a2200193 i 4500 | ||
|---|---|---|---|
| 001 | 60020 | ||
| 003 | ES-MaACL | ||
| 005 | 20230906164136.0 | ||
| 008 | 031103s1987 sp |||| | spa d | ||
| 245 | 0 | 0 |
_aEspacio político del movimiento vecinal y del consumerista en la España actual _b: jornadas, octubre 1987 / _cCarlos Alfonso ... [et al.] ; coordina Ramón Suárez Clúa. |
| 260 |
_aMadrid : _bFundación de Investigaciones Marxistas, _c1987. |
||
| 300 |
_a113 p. ; _c21 cm. |
||
| 650 | 4 |
_aAsociaciones de vecinos- _zEspaña. _9170904 |
|
| 650 | 4 |
_aAsociaciones de consumidores- _zEspaña. _9170905 |
|
| 700 | 1 |
_aSuárez Clúa, Ramón. _9108596 |
|
| 700 | 1 |
_aAlfonso Mellado, Carlos L. _9170906 |
|
| 710 | 2 |
_aFundación de Investigaciones Marxistas. _94272 |
|
| 852 |
_aES-MaACL _j2140-F-5 |
||
| 999 |
_c60020 _d60020 |
||